000 00353nam a2200133 i 4500
001 bg
100 1 _aROSSET, Edward.
245 0 _aDemografia Polski.
_n[Cz.] 1
_pStan, rozmieszczenie i struktura ludnoĊ›ci /
_cEdward Rosset.
260 _aWarszawa,
_c1975.
040 _cBPK
041 _apol
942 _cKS
008 s pl f |000 0 pol
999 _c23461
_d23461
856 _uhttp://koha.tu.koszalin.pl/cgi-bin/koha/opac-detail.pl?biblionumber=23461
_yKatalog online BPK